000 00691nam a2200241Ia 4500
003 OSt
005 20221005130545.0
006 a|||||r|||| 00| 0
007 ta
008 221004b |||||||| |||| 00| 0 eng d
024 _a107103
037 _cTextual
040 _aCRL
_cCRL
_beng
041 _2eng
_aeng
082 _aX8(A0:892B.42:(T), K6
110 _aJapanese National Commission for Unesco
_9638302
245 0 _aRole of education in the social and economic development of Japan
260 _c1966
650 _aECONOMICS
700 _aJapanese National Commission for Unesco
942 _hX8(A0:892B.42:(T), K6
_cTEXL
_2cc
999 _c1057641
_d1057641